8 mots dans mots : mur (mort subite) - Statistiques

Statistiques générales
  • Ce quiz a été pris 135 fois
  • Le résultat moyen est 4 sur 8
Answers on the Grid
Answers color-coded by a green-red scale on the quiz's grid according to % correct below.
Dé---ger
Anthropo---phologie
Sau---er
Ther---égulatrice
Perce - ---ailles
Méta---phoser
A---er
Claque---er
Im---taliser
Hu---istiquement
Claque---er
Désa---tissement
Mu---er
Antihé---ragique
Hétéro---phisme
Contre - ---er
 
Statistiques - réponses
Réponse % Correct
Perce - ---ailles
71%
Dé---ger
57%
Sau---er
55%
Contre - ---er
49%
Claque---er
44%
Mu---er
44%
Claque---er
42%
A---er
35%
Aucun quiz correspondant
Distribution des résultats
% des personnes avec chaque résultat
Percentile par nombre de réponses
Votre historique - résultats
Vous n’avez pas pris ce quiz